banner koha

Leitura sem palavras / (Registro n. 298318)

MARC details
000 -LÍDER
Campo de controle fixo 00610nam a22002537a 4500
003 - CÓDIGO MARC DA AGÊNCIA CATALOGADORA
Campo de controle BR-BrBNA
005 - DATA E HORA DA ÚLTIMA ATUALIZAÇÃO
Campo de controle 20240112142654.0
008 - CAMPO DE TAMANHO FIXO
Campo fixo de controle 240112b bl.||||| |||| 00| 0 por d
020 ## - ISBN - INTERNATIONAL STANDARD BOOK NUMBER
ISBN 8508015275
040 ## - FONTE DA CATALOGAÇÃO
Agência catalogadora BR-BrBNA
Idioma da catalogação por
041 ## - CÓDIGO DO IDIOMA
Código do Idioma por
072 ## - CATEGORIA DE CLASSIFICAÇÃO
Código da categoria de assunto S86
100 ## - ENTRADA PRINCIPAL - NOME PESSOAL
Nome pessoal Ferrara, Lucrécia D'Aléssio.
245 ## - TÍTULO PRINCIPAL
Título principal Leitura sem palavras /
250 ## - EDIÇÃO
Edição 4. ed.
260 ## - IMPRENTA (PUBLICAÇÃO, DISTRIBUIÇÃO, ETC.)
Lugar de publicação, distribuição, etc. São Paulo - SP:
Nome do editor, distribuidor, etc. Editora Ática,
Data de publicação, distribuição, etc 2004.
300 ## - DESCRIÇÃO FÍSICA
Extensão 72 p.
650 ## - ASSUNTO
Cabeçalho tópico ou nome geográfico ARQUITETURA
650 ## - ASSUNTO
Cabeçalho tópico ou nome geográfico ESTÉTICA
650 ## - ASSUNTO
Cabeçalho tópico ou nome geográfico URBANISMO
909 ## - IDENTIFICAÇÃO DO CATALOGADOR
Ano e mês da catalogação (aaaamm) 01/2024
Identificação do catalogador Sarah
942 ## - TIPO ESPECÍFICO
Tipo de material Livros
Exemplares
Status de empréstimo Fonte de classificação Status de danificação Não pode ser emprestado Código da coleção Localização permanente Localização atual Localização na estante Total Checkouts Número de chamada Código de barras Date last seen Tipo de material Perdido Data de aquisição Fonte de aquisição Qualificador de localização codificada Preço Número de inventário Preço para reposição Preço efetivo a partir de
  Classificação AGRIS     Acervo Cultural Biblioteca Nacional de Agricultura - Binagri Biblioteca Nacional de Agricultura - Binagri Acervo Cultural   S86 BS2023000215 2024-0024 12/01/2024 Livros                

BINAGRI

Telefone: (61)3218-2567/2388/3357/2097 - binagri@agro.gov.br

Ministério da Agricultura e Pecuária , Esplanada dos Ministérios, Bloco D, Anexo B, Brasília/DF, CEP: 70.043-900